书目信息 |
| 题名: |
广告学
|
|
| 作者: | 邓国取 主编 | |
| 分册: | ||
| 出版信息: | 北京 北京理工大学出版社 2008.06 |
|
| 页数: | 276页 | |
| 开本: | 26cm | |
| 丛书名: | ||
| 单 册: | ||
| 中图分类: | F713.80 | |
| 科图分类: | ||
| 主题词: | 广告学--guang gao xue--高等教育--教材 | |
| 电子资源: | ||
| ISBN: | 978-7-5429-2046-1 | |
| 000 | 00849nam0 2200265 450 | |
| 001 | 1155520064 | |
| 005 | 20181218113607.21 | |
| 010 | @a978-7-5429-2046-1@dCNY27.00 | |
| 100 | @a20080626d2008 em y0chiy0120 ea | |
| 101 | 0 | @achi |
| 102 | @aCN@b110000 | |
| 102 | @aCN@b310000 | |
| 105 | @aa a 000yy | |
| 200 | 1 | @a广告学@Aguang gao xue@f邓国取主编@Fdeng guo qu zhu bian |
| 210 | @a北京@c北京理工大学出版社@d2008.06 | |
| 210 | @a上海@c立信会计出版社 | |
| 215 | @a276页@c图@d26cm | |
| 300 | @a高职高专“十一五”规划教材·经管类 | |
| 320 | @a有书目 | |
| 330 | @a本书共分为十章,分别对广告学理论和实务采用新的思路、新的观念和新的方法进行分析和阐述。 | |
| 606 | 0 | @a广告学@Aguang gao xue@x高等教育@j教材 |
| 690 | @aF713.80@v4 | |
| 701 | 0 | @a邓国取@Adeng guo qu@4主编 |
| 801 | 0 | @aCN@bQSSK@c20110330 |
| 905 | @b729507-09@dF713.80@eD280@f3 | |
| 广告学/邓国取主编.-北京:北京理工大学出版社,2008.06.-上海:立信会计出版社 |
| 276页:图;26cm |
| 高职高专“十一五”规划教材·经管类 |
| ISBN 978-7-5429-2046-1:CNY27.00 |
| 本书共分为十章,分别对广告学理论和实务采用新的思路、新的观念和新的方法进行分析和阐述。 |
| ● |
| 相关链接 |
|
|
|
正题名:广告学
索取号:F713.80/D280
 
预约/预借
| 序号 | 登录号 | 条形码 | 馆藏地/架位号 | 状态 | 备注 |
| 1 | 1301363 | 213013638 | 社科二线422/422社科库 37排1列5层/ [索取号:F713.80/D280] | 在馆 | |
| 2 | 464238 | 204642388 | 社科库409/400B社科库 2排3列1层/ [索取号:F713.80/D280] | 在馆 | |
| 3 | 464239 | 204642397 | 社科二线422/422社科库 37排1列5层/ [索取号:F713.80/D280] | 在馆 | |
| 4 | 464240 | 204642404 | 社科库409/409社科库 44排6列1层/ [索取号:F713.80/D280] | 在馆 | |
| 5 | 464241 | 204642413 | 社科二线422/422社科库 37排1列5层/ [索取号:F713.80/D280] | 在馆 | |
| 6 | 464242 | 204642422 | 社科库409/400B社科库 1排3列5层/ [索取号:F713.80/D280] | 在馆 | |
| 7 | 464243 | 204642431 | 社科库409/400B社科库 2排3列1层/ [索取号:F713.80/D280] | 在馆 | |
| 8 | 464244 | 204642440 | 社科库409/400B社科库 2排3列1层/ [索取号:F713.80/D280] | 在馆 | |
| 9 | 464245 | 204642459 | 社科库409/400B社科库 2排3列1层/ [索取号:F713.80/D280] | 在馆 | |
| 10 | 464246 | 204642468 | 社科库409/400B社科库 2排3列1层/ [索取号:F713.80/D280] | 在馆 | |
| 11 | 464247 | 204642477 | 社科库409/400B社科库 2排3列1层/ [索取号:F713.80/D280] | 在馆 |